|
|
|
|
| LEADER |
01879nam a2200457 i 4500 |
| 001 |
EBC3414400 |
| 003 |
MiAaPQ |
| 005 |
20200520144314.0 |
| 006 |
m o d | |
| 007 |
cr cnu|||||||| |
| 008 |
141008t20142014ilu o 001 0 eng d |
| 020 |
|
|
|z 9780252080326
|
| 020 |
|
|
|z 9780252038761
|
| 020 |
|
|
|a 9780252096716
|q (electronic bk.)
|
| 035 |
|
|
|a (MiAaPQ)EBC3414400
|
| 035 |
|
|
|a (Au-PeEL)EBL3414400
|
| 035 |
|
|
|a (CaPaEBR)ebr10944467
|
| 035 |
|
|
|a (CaONFJC)MIL646734
|
| 035 |
|
|
|a (OCoLC)891719703
|
| 040 |
|
|
|a MiAaPQ
|b eng
|e rda
|e pn
|c MiAaPQ
|d MiAaPQ
|
| 050 |
|
4 |
|a HD30.2
|b .S325 2014
|
| 082 |
0 |
|
|a 338.9/26
|2 23
|
| 100 |
1 |
|
|a Schiller, Dan,
|d 1951-
|e author.
|
| 245 |
1 |
0 |
|a Digital depression :
|b information technology and economic crisis /
|c Dan Schiller.
|
| 264 |
|
1 |
|a Urbana, Illinois ;
|a Chicago, Illinois :
|b University of Illinois Press,
|c 2014.
|
| 264 |
|
4 |
|c 2014
|
| 300 |
|
|
|a 1 online resource (377 pages)
|
| 336 |
|
|
|a text
|2 rdacontent
|
| 337 |
|
|
|a computer
|2 rdamedia
|
| 338 |
|
|
|a online resource
|2 rdacarrier
|
| 500 |
|
|
|a Includes index.
|
| 588 |
|
|
|a Description based on print version record.
|
| 590 |
|
|
|a Electronic reproduction. Ann Arbor, MI : ProQuest, 2015. Available via World Wide Web. Access may be limited to ProQuest affiliated libraries.
|
| 650 |
|
0 |
|a Information technology.
|
| 650 |
|
0 |
|a Economic policy.
|
| 650 |
|
0 |
|a Economic development
|x Technological innovations.
|
| 650 |
|
0 |
|a Global Financial Crisis, 2008-2009.
|
| 655 |
|
4 |
|a Electronic books.
|
| 776 |
0 |
8 |
|i Print version:
|a Schiller, Dan, 1951-
|t Digital depression : information technology and economic crisis.
|d Urbana, Illinois ; Chicago, Illinois : University of Illinois Press, c2014
|h x, 361 pages
|z 9780252038761
|w 2014012439
|
| 797 |
2 |
|
|a ProQuest (Firm)
|
| 856 |
4 |
0 |
|u https://ebookcentral.proquest.com/lib/matrademy/detail.action?docID=3414400
|z Click to View
|